Представление документа в формате RUSMARC

Поле Инд. ПП Название Значение
Тип записи a
Библиографический уровень a
001 Контрольный номер 5286d183d51449c3b09fb67870b643c3
005 Дата корректировки 20181120134547.7
100 a Данные общей обработки 20180921 ||| 0rusy0189 ca
101 0_ a Язык текста rus
102 a Страна публикации RU
200 1_ f Первые сведения об ответственности К.В. Михайлов
a Заглавие Особенности правового регулирования обеспечения исполнения государственных контрактов банковскими гарантиями при осуществлении закупок федеральными арбитражными судами
b Общее обозначение материала Текст
210 d Дата издания 2018
461 _0 1 2000
a Администратор суда
463 _0 1 2000
a №2
v С. 12-16
1 2101
d 2018
1 001dea7f83139e94e429e65fbd5a44be1c3
606 a Основная рубрика Гражданское и торговое право
610 0_ a Ключевые слова ГОСУДАРСТВЕННЫЕ ЗАКУПКИ
a Ключевые слова КОНТРАКТ
a Ключевые слова ОБЕСПЕЧЕНИЕ ИСПОЛНЕНИЯ ОБЯЗАТЕЛЬСТВА
a Ключевые слова БАНКОВСКАЯ ГАРАНТИЯ
a Ключевые слова АРБИТРАЖНЫЙ СУД
700 _1 a Фамилия Михайлов
b Имя К.В.
801 _0 a Страна RU
b Организация РГУП
c Дата составления 20180921
g Правила каталогизации PSBO
801 _1 a Страна RU
b Организация РГУП
c Дата составления 20180921
g Правила каталогизации PSBO
901 t Тип документа b
w Контрольный № источника dea7f83139e94e429e65fbd5a44be1c3
905 a Дата ввода 20180921